[Event "Guernsey Open"]
[Site "?"]
[Date "2002.??.??"]
[Round "4"]
[White "Broek, Thomas"]
[Black "Kamps, JW."]
[Result "1/2-1/2"]
[WhiteElo "2194"]
[BlackElo "1993"]
[PlyCount "42"]
[EventDate "2002.10.20"]

1. e4 c5 2. Nf3 d6 3. d4 cxd4 4. Nxd4 Nf6 5. Nc3 a6 6. Bc4 e6 7. O-O Nbd7 8. f4
b5 9. Bb3 Nc5 10. e5 Nxb3 11. axb3 dxe5 12. fxe5 Bc5 13. exf6 Qxd4+ 14. Kh1 Bb7
15. Qe2 gxf6 16. Nxb5 Qd7 17. Nc3 Rg8 18. Ne4 Be7 19. Bf4 Rc8 20. Ra4 Qb5 21.
Re1 Qxe2 1/2-1/2

[Event "Guernsey Open"]
[Site "?"]
[Date "2002.??.??"]
[Round "4"]
[White "Kemp, Paul M"]
[Black "Thurlow, Kevin"]
[Result "1/2-1/2"]
[WhiteElo "2028"]
[BlackElo "2203"]
[PlyCount "45"]
[EventDate "2002.10.20"]

1. d4 Nf6 2. Nf3 e6 3. e3 b6 4. Bd3 Bb7 5. O-O c5 6. c4 Be7 7. Nc3 d5 8. cxd5
exd5 9. b3 O-O 10. Bb2 Nbd7 11. Rc1 Ne4 12. Ne2 Bd6 13. Nf4 Rc8 14. Bb1 Qf6 15.
Nh5 Qh6 16. dxc5 bxc5 17. Nxg7 f5 18. b4 Rf7 19. bxc5 Ndxc5 20. Qd4 Rxg7 21.
Qxg7+ Qxg7 22. Bxg7 Kxg7 23. Nd4 1/2-1/2

[Event "Guernsey Open"]
[Site "?"]
[Date "2002.??.??"]
[Round "4"]
[White "Fassaert, D."]
[Black "Wilson, Alexandra"]
[Result "1/2-1/2"]
[WhiteElo "2095"]
[BlackElo "1816"]
[PlyCount "35"]
[EventDate "2002.10.20"]

1. Nf3 Nf6 2. c4 g6 3. b3 Bg7 4. Bb2 O-O 5. g3 c6 6. Bg2 d5 7. O-O Nbd7 8. cxd5
cxd5 9. d4 Ne4 10. Nc3 Ndf6 11. Ne5 Bf5 12. f3 Nxc3 13. Bxc3 Rc8 14. Qd2 Nd7
15. Rac1 Qb6 16. e3 Bh6 17. Rfe1 f6 18. Nxd7 1/2-1/2

[Event "Guernsey Open"]
[Site "?"]
[Date "2002.??.??"]
[Round "4"]
[White "Kuijpers, Jos"]
[Black "Murray, J Stephen"]
[Result "1-0"]
[WhiteElo "1598"]
[BlackElo "2075"]
[PlyCount "83"]
[EventDate "2002.10.20"]

1. d4 d5 2. c4 e6 3. Nc3 Be7 4. Bf4 Nf6 5. Nf3 O-O 6. e3 c5 7. Bd3 Nc6 8. O-O
b6 9. a3 Bb7 10. Rc1 cxd4 11. exd4 Rc8 12. Ne2 dxc4 13. Rxc4 Ba6 14. Rxc6 Bxd3
15. Rxc8 Qxc8 16. Qxd3 Nd5 17. Be3 Bf6 18. Rc1 Qb7 19. Nf4 Rd8 20. Nxd5 Rxd5
21. Qc4 h6 22. Qc8+ Qxc8 23. Rxc8+ Kh7 24. Rc7 e5 25. Rxf7 exd4 26. Bd2 d3 27.
b4 a5 28. Rb7 axb4 29. axb4 b5 30. h3 Kg6 31. Rc7 Kf5 32. Kf1 h5 33. Rc8 g5 34.
Ne1 g4 35. hxg4+ Kxg4 36. Rc5 Rd7 37. Rxb5 h4 38. Rb8 Bd8 39. Rc8 h3 40. Rc4+
Kf5 41. gxh3 Bg5 42. Rc5+ 1-0

[Event "Guernsey Open"]
[Site "?"]
[Date "2002.??.??"]
[Round "4"]
[White "Havenaar, Jan"]
[Black "Spanton, Timothy"]
[Result "1/2-1/2"]
[WhiteElo "2267"]
[BlackElo "2005"]
[PlyCount "70"]
[EventDate "2002.10.20"]

1. Nc3 c5 2. Nf3 Nc6 3. d4 cxd4 4. Nxd4 g6 5. g3 Bg7 6. Nb3 Nf6 7. Bg2 O-O 8.
O-O d6 9. e4 Be6 10. Nd5 Qd7 11. Nf4 Bc4 12. Re1 Rac8 13. c3 Rfd8 14. Nd2 Ba6
15. Nf1 Ne5 16. Ne3 h6 17. Ned5 e6 18. Nb4 Bb5 19. a4 a5 20. axb5 axb4 21. cxb4
Qxb5 22. Qb3 Nc6 23. Bd2 Nd4 24. Qa4 Rc2 25. Bc3 Ng4 26. Qxb5 Nxb5 27. Re2 Rxe2
28. Nxe2 Rc8 29. h3 Bxc3 30. Nxc3 Nxc3 31. bxc3 Ne5 32. Ra7 Rxc3 33. Rxb7 Rc1+
34. Bf1 Nf3+ 35. Kg2 Ne1+ 1/2-1/2

[Event "Guernsey Open"]
[Site "?"]
[Date "2002.??.??"]
[Round "4"]
[White "De Kruif, Kees"]
[Black "Kuijpers, Paul JM"]
[Result "1/2-1/2"]
[WhiteElo "1861"]
[BlackElo "1915"]
[PlyCount "87"]
[EventDate "2002.10.20"]

1. a3 e6 2. Nf3 Nf6 3. c4 d5 4. e3 Bd6 5. b4 b6 6. Bb2 Bb7 7. Be2 a5 8. b5 c6
9. O-O O-O 10. d3 Nbd7 11. Nbd2 cxb5 12. cxb5 e5 13. h3 Ne8 14. Rc1 f5 15. Rc2
Kh8 16. Qa1 Qe7 17. Rfc1 e4 18. Nd4 f4 19. dxe4 fxe3 20. fxe3 Qg5 21. Nf1 dxe4
22. Ne6 Rxf1+ 23. Kxf1 Qf5+ 24. Nf4 Bxf4 25. exf4 Qxf4+ 26. Kg1 Qg3 27. Rf1 h6
28. Qe1 Qg6 29. Bg4 Ndf6 30. Bf5 Qg5 31. Bd4 Nd6 32. Be3 Qh5 33. Qe2 Qxe2 34.
Rxe2 Nxb5 35. Bxb6 Nxa3 36. Bd4 Ba6 37. Ra2 Bxf1 38. Kxf1 Nb5 39. Bxf6 gxf6 40.
Bxe4 Ra7 41. Bf3 a4 42. Bc6 Nc3 43. Ra3 Nb1 44. Rxa4 1/2-1/2

[Event "Guernsey Open"]
[Site "?"]
[Date "2002.??.??"]
[Round "4"]
[White "Milnes, Anthony"]
[Black "Goman, Colin R"]
[Result "1-0"]
[WhiteElo "2128"]
[BlackElo "1590"]
[PlyCount "47"]
[EventDate "2002.10.20"]

1. e4 d6 2. d4 Nf6 3. Nc3 g6 4. f3 Bg7 5. Be3 O-O 6. Qd2 Re8 7. O-O-O c6 8. g4
Nxg4 9. fxg4 Bxg4 10. Be2 Qc8 11. Bxg4 Qxg4 12. Nge2 b5 13. Rdg1 Qc8 14. h4 a5
15. h5 a4 16. hxg6 fxg6 17. Nf4 b4 18. Qh2 e5 19. Qxh7+ Kf7 20. Qxg6+ Ke7 21.
Qxg7+ Kd8 22. dxe5 Nd7 23. exd6 bxc3 24. Qg5+ 1-0

[Event "Guernsey Open"]
[Site "?"]
[Date "2002.??.??"]
[Round "4"]
[White "Von Saldern, Ruediger"]
[Black "Hunt, L."]
[Result "0-1"]
[WhiteElo "2143"]
[BlackElo "1744"]
[PlyCount "96"]
[EventDate "2002.10.20"]

1. d4 Nf6 2. Nf3 e6 3. c4 c5 4. d5 exd5 5. cxd5 d6 6. Nc3 g6 7. Bg5 Bg7 8. e3
O-O 9. Be2 Bg4 10. O-O Bxf3 11. gxf3 Qb6 12. Rb1 Nbd7 13. Nb5 a6 14. Na3 Qc7
15. Rc1 b5 16. Nc2 Qb7 17. e4 Rfe8 18. b3 Rac8 19. Ne3 Qb8 20. Qd2 h5 {(=)} 21.
Ng2 Qb6 22. Rc2 Ra8 23. Rfc1 a5 24. Be3 Qb7 25. Ne1 a4 26. b4 c4 27. Bd4 Kh7
28. Qc3 Qc7 29. Ng2 Qd8 30. Re1 Qc7 31. Bd1 Re7 32. Rce2 Rae8 33. Bc2 Nxd5 34.
exd5 Bxd4 35. Qd2 Rxe2 36. Rxe2 Ne5 37. Nh4 Qd8 38. Re4 Qxh4 39. Rxh4 Nxf3+ 40.
Kg2 Nxd2 41. Rxd4 Re2 42. Bd1 c3 43. Bc2 Re5 44. Rd3 Rg5+ 45. Kh3 Ne4 46. Rf3
Rg4 47. Bxe4 Rxe4 48. Rxf7+ Kg8 0-1

[Event "Guernsey Open"]
[Site "?"]
[Date "2002.??.??"]
[Round "4"]
[White "Morris, Graham"]
[Black "Ippel, Cornelius"]
[Result "1-0"]
[WhiteElo "1806"]
[BlackElo "2108"]
[PlyCount "111"]
[EventDate "2002.10.20"]

1. e4 e6 2. d3 d5 3. Nd2 Nf6 4. Ngf3 dxe4 5. dxe4 Bc5 6. Bd3 Nc6 7. O-O a6 8.
Qe2 e5 9. Nc4 Bg4 10. Be3 Qe7 11. c3 O-O 12. h3 Bh5 13. Rad1 Rad8 14. Bxc5 Qxc5
15. Ne3 Bg6 16. Ng4 Qe7 17. Nxf6+ Qxf6 18. Nh2 Rd6 19. Ng4 Qe7 20. Ne3 Rfd8 21.
Bc2 b5 22. Rxd6 Rxd6 23. Rd1 Kf8 24. Kf1 Nd8 25. Rxd6 Qxd6 26. Qd3 Qxd3+ 27.
Bxd3 c6 28. f3 Ke7 29. Ke2 Kd6 30. a4 Ne6 31. g3 h6 32. axb5 axb5 33. b4 Bh7
34. Bc2 f6 35. Bb3 Nd8 36. Kd3 c5 37. bxc5+ Kxc5 38. Bd5 g6 39. Ng4 g5 40. Nxf6
Bg6 41. Ng4 Bf7 42. Nxh6 Bxd5 43. exd5 Kxd5 44. h4 Ne6 45. h5 e4+ 46. fxe4+ Ke5
47. Ke3 Nc5 48. Ng4+ Ke6 49. h6 Kf7 50. Kd4 Ne6+ 51. Ke5 Nc5 52. Kd5 Na4 53.
Kd4 Kg6 54. e5 Nb6 55. Kc5 Na4+ 56. Kb4 1-0

[Event "Guernsey Open"]
[Site "?"]
[Date "2002.??.??"]
[Round "4"]
[White "Van de Walle, Rob P"]
[Black "Burton, Ronnie"]
[Result "1/2-1/2"]
[WhiteElo "1896"]
[BlackElo "2078"]
[PlyCount "72"]
[EventDate "2002.10.20"]

1. d4 e5 2. dxe5 Nc6 3. Nf3 Qe7 4. Nbd2 Nxe5 5. Nxe5 Qxe5 6. Nf3 Qa5+ 7. Bd2
Qb6 8. Bc3 Bb4 9. Qd2 Bxc3 10. Qxc3 Nf6 11. Qe5+ Kf8 12. Qd4 c5 13. Qc3 d5 14.
e3 Ne4 15. Qa3 a5 16. Bd3 Qb4+ 17. Qxb4 axb4 18. Bxe4 dxe4 19. Nd2 f5 20. Nc4
Ra6 21. O-O-O Ke7 22. Rd5 Rc6 23. Na5 Rc7 24. Nb3 b6 25. Rhd1 Rd7 26. c3 Rxd5
27. Rxd5 Be6 28. Rd2 bxc3 29. bxc3 Ra8 30. h4 h6 31. g3 g5 32. hxg5 hxg5 33.
Kb2 Rh8 34. Rd1 Rh2 35. Rd2 Bxb3 36. Kxb3 Rh1 1/2-1/2

[Event "Guernsey Open"]
[Site "?"]
[Date "2002.??.??"]
[Round "4"]
[White "Dennis, Nigel"]
[Black "Van Hoek, W."]
[Result "1-0"]
[WhiteElo "2070"]
[BlackElo "1761"]
[PlyCount "91"]
[EventDate "2002.10.20"]

1. e4 e5 2. Nf3 Nc6 3. Bb5 f5 4. d3 fxe4 5. dxe4 Nf6 6. O-O d6 7. Bg5 Be7 8.
Nc3 Bg4 9. Bxf6 Bxf6 10. Nd5 O-O 11. Be2 Kh8 12. c3 Ne7 13. Nxf6 Rxf6 14. a4
Bxf3 15. Bxf3 c6 16. b4 Qc7 17. Qb3 Raf8 18. c4 Ng6 19. Rac1 Rxf3 20. gxf3 Nf4
21. Qe3 Qf7 22. Kh1 Ne6 23. Rg1 Nd4 24. f4 Qxf4 25. Qxf4 Rxf4 26. Rge1 Rxf2 27.
Rf1 Rxf1+ 28. Rxf1 Kg8 29. a5 a6 30. Kg2 Ne6 31. Rd1 Nd4 32. c5 Kf7 33. Rf1+
Ke7 34. cxd6+ Kxd6 35. Rf7 c5 36. bxc5+ Kxc5 37. Rxb7 Nc6 38. Rxg7 Nxa5 39.
Rxh7 Nc4 40. Kf3 a5 41. h4 Kd6 42. h5 a4 43. Ra7 Ke6 44. h6 Nd2+ 45. Ke2 Nxe4
46. h7 1-0

[Event "Guernsey Open"]
[Site "?"]
[Date "2002.??.??"]
[Round "4"]
[White "Lanzer, RA."]
[Black "Hauptmann, Thomas"]
[Result "0-1"]
[WhiteElo "1744"]
[BlackElo "2050"]
[PlyCount "90"]
[EventDate "2002.10.20"]

1. e4 d5 2. exd5 Qxd5 3. Nc3 Qa5 4. d4 c6 5. Nf3 Nf6 6. Bd2 Bf5 7. Ne4 Qc7 8.
Ng3 Bg4 9. Be2 e6 10. Ne5 Bxe2 11. Qxe2 Nbd7 12. O-O Bd6 13. Nc4 Be7 14. Rfe1
O-O 15. Nf5 Nb6 16. Nxb6 axb6 17. Nxe7+ Qxe7 18. Bg5 h6 19. Bxf6 Qxf6 20. c3
Rfd8 21. a3 Ra5 22. Rad1 Rad5 23. Rd3 c5 24. Rf3 Qe7 25. dxc5 bxc5 26. h3 Rd2
27. Qb5 Qd7 28. Qb6 Rd1 29. Rxd1 Qxd1+ 30. Kh2 Qd6+ 31. Qxd6 Rxd6 32. c4 Rb6
33. b3 Kf8 34. Rd3 Ke7 35. Kg3 Ra6 36. b4 cxb4 37. axb4 Ra4 38. Rb3 Ra2 39. c5
Rc2 40. Kf3 Kd7 41. Rd3+ Kc7 42. Ke3 Rc4 43. Rb3 Kc6 44. Kd3 Kb5 45. f4 Rxf4
0-1

[Event "Guernsey Open"]
[Site "?"]
[Date "2002.??.??"]
[Round "4"]
[White "O'Toole, Anthony"]
[Black "Goldberg, Menashe"]
[Result "1/2-1/2"]
[WhiteElo "1672"]
[BlackElo "2039"]
[PlyCount "78"]
[EventDate "2002.10.20"]

1. d4 d5 2. e3 Nf6 3. c4 g6 4. Nc3 Bg7 5. Nf3 O-O 6. Be2 dxc4 7. Bxc4 b6 8. O-O
Bb7 9. Qe2 Ne4 10. Nxe4 Bxe4 11. Bd2 Nc6 12. Bc3 e6 13. Rac1 Ne7 14. Rfd1 Bd5
15. e4 Bxc4 16. Qxc4 c6 17. Bb4 Rc8 18. e5 Bh6 19. Rb1 Re8 20. Bxe7 Rxe7 21.
Qe2 Rd7 22. Rd3 c5 23. Rbd1 c4 24. Rc3 b5 25. a3 Qb6 26. h3 Rdc7 27. Nh2 a5 28.
Ng4 Bg7 29. Ne3 Qa6 30. Rdc1 Bh6 31. g3 Bxe3 32. Rxe3 Qb6 33. Qd2 b4 34. Kh2
Rd8 35. Rd1 Rcd7 36. Re4 Qc6 37. Rh4 Qf3 38. Rf4 Qb3 39. Rh4 Qf3 1/2-1/2

[Event "Guernsey Open"]
[Site "?"]
[Date "2002.??.??"]
[Round "4"]
[White "Dekker, Jop"]
[Black "Cheshire, Paul"]
[Result "1-0"]
[WhiteElo "1859"]
[BlackElo "1440"]
[PlyCount "105"]
[EventDate "2002.10.20"]

1. e4 e6 2. d4 d5 3. e5 c5 4. Nf3 Nc6 5. Bd3 cxd4 6. O-O Qc7 7. Bf4 Nf6 8. Re1
Nh5 9. Bg3 Nxg3 10. hxg3 Bc5 11. a3 a5 12. Qe2 Bd7 13. Nbd2 a4 14. Nh2 h5 15.
Nhf3 Qd8 16. Nf1 Qe7 17. Qd2 Na5 18. Rab1 b5 19. Qf4 b4 20. axb4 Bxb4 21. Red1
Nc6 {(=)} 22. Nxd4 Nxd4 23. Qxd4 Bc5 24. Qh4 g5 25. Qh3 Bd4 26. Re1 Qc5 27. Re2
Qc7 28. g4 h4 29. c3 Bxe5 30. Rbe1 Bf6 31. Qf3 Be7 32. Ne3 Ra5 33. Nf5 Bf6 34.
Nd4 Qf4 35. Qxf4 gxf4 36. Kh2 Kd8 37. Nf3 Rg8 38. Kh3 e5 39. Nxe5 Bxe5 40. Rxe5
Rxg4 41. Bf5 Bxf5 42. Rxf5 Rg7 {(=)} 43. Rxf4 Rb5 44. Re2 a3 45. bxa3 Rb3 46.
Re3 Rxa3 47. Rd4 Rg5 48. Red3 Ra5 49. c4 Rf5 50. Rxd5+ Raxd5 51. Rxd5+ Rxd5 52.
cxd5 Ke7 53. Kxh4 1-0

[Event "Guernsey Open"]
[Site "?"]
[Date "2002.??.??"]
[Round "4"]
[White "Van de Linden, Marcel"]
[Black "Autin, DW."]
[Result "0-1"]
[WhiteElo "1760"]
[BlackElo "1920"]
[PlyCount "54"]
[EventDate "2002.10.20"]

1. d4 Nf6 2. g3 c5 3. c3 d5 4. Bg2 Nc6 5. Nf3 Bf5 6. Nbd2 e6 7. O-O Rc8 8. Re1
Be7 9. Nh4 Bg4 10. Qa4 O-O 11. e4 dxe4 12. dxc5 e3 13. Rxe3 Bxc5 14. Re1 Qb6
15. Rf1 Be2 16. Nc4 Qa6 17. Qxa6 bxa6 18. Ne3 Bxf1 19. Nxf1 Ng4 20. Be3 Nxe3
21. fxe3 Ne5 22. h3 Rfd8 23. Be4 f5 24. Bc2 g5 25. Bb3 gxh4 26. Bxe6+ Kg7 27.
Bxc8 Rxc8 0-1

[Event "Guernsey Open"]
[Site "?"]
[Date "2002.??.??"]
[Round "4"]
[White "Opgenhaffen, Gerie"]
[Black "Gravett, AD."]
[Result "0-1"]
[WhiteElo "1786"]
[BlackElo "1900"]
[PlyCount "50"]
[EventDate "2002.10.20"]

1. d4 Nf6 2. c4 d6 3. Nc3 e5 4. e3 Be7 5. Bd3 Nc6 6. Nge2 Bg4 7. d5 Nb8 8. f3
Bh5 9. Qb3 Nbd7 10. Ng3 Bg6 11. Nge4 O-O 12. Nxf6+ gxf6 13. Qc2 a5 14. Bxg6
fxg6 15. e4 f5 16. exf5 gxf5 17. Bh6 Rf7 18. Qd2 Nc5 19. Ne2 f4 20. g3 fxg3 21.
hxg3 Rxf3 22. Qc2 Nd3+ 23. Kd2 Bg5+ 24. Bxg5 Qxg5+ 25. Nf4 Rf2+ 0-1

[Event "Guernsey Open"]
[Site "?"]
[Date "2002.??.??"]
[Round "4"]
[White "Ruigrok, Jacques"]
[Black "Knight, Timothy"]
[Result "0-1"]
[WhiteElo "1836"]
[BlackElo "1765"]
[PlyCount "62"]
[EventDate "2002.10.20"]

1. e4 c5 2. d4 cxd4 3. c3 d3 4. Bxd3 Nc6 5. Nf3 e6 6. Qe2 d6 7. O-O Nf6 8. c4
Be7 9. Nc3 O-O 10. Rd1 Qc7 11. h3 a6 12. Be3 b6 13. Rac1 Nd7 14. Nd5 Qd8 15.
Nxe7+ Qxe7 16. Bg5 f6 17. e5 Ncxe5 18. Nxe5 Nxe5 19. Be4 Rb8 20. Bf4 Bb7 21.
Bb1 Rfd8 22. Rd2 Rbc8 23. b3 b5 24. Rd4 bxc4 25. Bxh7+ Kxh7 26. Bxe5 dxe5 27.
Rh4+ Kg8 28. Qh5 Qe8 29. Qh7+ Kf7 30. Rg4 Qh8 31. Qg6+ Kf8 0-1

[Event "Guernsey Open"]
[Site "?"]
[Date "2002.??.??"]
[Round "5"]
[White "Van Voorthuijsen, PW."]
[Black "Webster, Andrew"]
[Result "0-1"]
[WhiteElo "2304"]
[BlackElo "2415"]
[PlyCount "58"]
[EventDate "2002.10.20"]

1. d4 d6 2. g3 g6 3. Bg2 Bg7 4. Nf3 Nf6 5. O-O O-O 6. c4 c6 7. Nc3 Qa5 8. e4
Qh5 9. Ng5 Na6 10. Bf3 Bg4 11. Bxg4 Qxg4 12. f3 Qc8 13. f4 e5 14. dxe5 dxe5 15.
fxe5 Nd7 16. e6 fxe6 17. Nxe6 Rxf1+ 18. Qxf1 Bxc3 19. bxc3 Qe8 20. Qh3 Nac5 21.
Ng5 Nf6 22. Bf4 Ncxe4 23. Re1 Qe7 24. Kg2 Re8 25. Qh4 Qd7 26. Nf3 Qd3 27. g4
Qxc4 28. Be5 g5 29. Rxe4 Qxa2+ 0-1

[Event "Guernsey Open"]
[Site "?"]
[Date "2002.??.??"]
[Round "5"]
[White "Gelashvili, Tamaz"]
[Black "Reijneveld, Ad"]
[Result "1-0"]
[WhiteElo "2516"]
[BlackElo "2110"]
[PlyCount "47"]
[EventDate "2002.10.20"]

1. e4 c5 2. b3 Nc6 3. Bb2 e6 4. Bb5 Nge7 5. Nf3 a6 6. Bxc6 Nxc6 7. O-O d6 8. d4
cxd4 9. Nxd4 Bd7 10. Ne2 Qc7 11. c4 Ne5 12. Ng3 O-O-O 13. f4 Ng6 14. Nh5 d5 15.
cxd5 exd5 16. e5 Kb8 17. Bd4 Ne7 18. Bf2 Nc6 19. Nd2 Be6 20. a3 Qd7 21. Ng3 Be7
22. f5 Bxf5 23. Nxf5 Qxf5 24. Ba7+ 1-0

[Event "Guernsey Open"]
[Site "?"]
[Date "2002.??.??"]
[Round "5"]
[White "Bellin, Robert"]
[Black "Almond, Richard"]
[Result "1/2-1/2"]
[WhiteElo "2360"]
[BlackElo "2127"]
[PlyCount "49"]
[EventDate "2002.10.20"]

1. d4 d5 2. Nf3 Nf6 3. e3 e6 4. Bd3 b6 5. O-O Be7 6. b3 O-O 7. Bb2 Bb7 8. Ne5
c5 9. Nd2 Nc6 10. Nxc6 Bxc6 11. Qf3 Rc8 12. Qh3 g6 13. Rad1 Nd7 14. f4 Bf6 15.
c3 b5 16. Nf3 a5 17. Ne5 Qb6 18. Rf2 Bg7 19. g4 c4 20. Bb1 Rfd8 21. bxc4 dxc4
22. Nxc6 Rxc6 23. f5 exf5 24. gxf5 Nf8 25. Qf3 1/2-1/2

[Event "Guernsey Open"]
[Site "?"]
[Date "2002.??.??"]
[Round "5"]
[White "Kitchlew, Andrew"]
[Black "Woodward, Timothy"]
[Result "0-1"]
[WhiteElo "2090"]
[BlackElo "2185"]
[PlyCount "132"]
[EventDate "2002.10.20"]

1. d4 d5 2. Nf3 Nf6 3. e3 Bf5 4. Bd3 Bg6 5. Ne5 e6 6. O-O Be7 7. b3 Nbd7 8.
Nxg6 hxg6 9. c4 c6 10. f4 Qc7 11. Nd2 O-O-O 12. c5 Rh5 13. b4 Rdh8 14. h3 g5
15. Be2 R5h7 16. b5 cxb5 17. a4 b4 18. a5 a6 19. c6 bxc6 20. Bxa6+ Kb8 21. Bd3
g6 22. Nb3 g4 23. hxg4 Rh4 24. Kf2 Nxg4+ 25. Ke2 Rh2 26. Rg1 Bh4 27. Qd2 Bf2
28. Qxb4+ Ka8 29. Bd2 Bxg1 30. Rxg1 Rb8 31. Qc3 Ngf6 32. Kf3 Ne4 33. Bxe4 dxe4+
34. Kxe4 Qd6 35. Kd3 Qd5 36. Kc2 Nf6 37. Qd3 Qe4 38. Nc5 Qxd3+ 39. Kxd3 Rb2 40.
Kc3 Ra2 41. Kd3 Ng4 42. e4 Nf2+ 43. Ke3 Nh3 44. gxh3 Rxh3+ 45. Ke2 Rh2+ 46. Ke3
Raxd2 47. Nd7 Ra2 48. f5 Ra3+ 49. Kf4 exf5 50. exf5 Rf2+ 51. Ke5 Rxf5+ 52. Kd6
Rfxa5 53. Nb6+ Kb7 54. Nc4 Rd5+ 55. Ke7 Rd3 56. Ne5 R3xd4 57. Nxf7 Kc7 58. Rxg6
Rd7+ 59. Kf6 R4d6+ 60. Nxd6 Rxd6+ 61. Kf5 Rxg6 62. Kxg6 Kd6 63. Kf5 Kd5 64. Kf4
Kd4 65. Kf3 Kd3 66. Kf2 Kd2 0-1

[Event "Guernsey Open"]
[Site "?"]
[Date "2002.??.??"]
[Round "5"]
[White "Lock, Gavin"]
[Black "Wismayer, Clive"]
[Result "0-1"]
[WhiteElo "2120"]
[BlackElo "2088"]
[PlyCount "104"]
[EventDate "2002.10.20"]

1. c4 e5 2. g3 g6 3. Bg2 Bg7 4. Nc3 Ne7 5. e4 O-O 6. Nge2 d6 7. O-O c5 8. d3
Nbc6 9. Rb1 a6 10. a3 a5 11. b3 h6 12. Nd5 Nxd5 13. cxd5 Ne7 14. f4 exf4 15.
gxf4 f5 16. Be3 b6 17. Qd2 Ra7 18. Nc3 Ba6 19. Rfc1 Kh7 20. b4 axb4 21. axb4
Qd7 22. bxc5 bxc5 23. Rb6 Nc8 24. Rb2 Re8 25. Ra2 Nb6 26. Rb1 Qc7 27. Nb5 Bxb5
28. Rxa7 Qxa7 29. Rxb5 Nxd5 30. e5 Qa1+ 31. Kf2 Nxe3 32. Qxe3 dxe5 33. Rb7 Qd4
34. Qxd4 cxd4 35. fxe5 Rxe5 36. Rd7 Re3 37. Bf1 h5 38. Ra7 Kh6 39. Ra2 h4 40.
h3 Kg5 41. Ra6 Be5 42. Rc6 Rg3 43. Rc5 Kf4 44. Rb5 g5 45. Ra5 g4 46. Ra7 gxh3
47. Rh7 Kg5 48. Re7 Bf6 49. Re8 Kf4 50. Re1 h2 51. Be2 h3 52. Rf1 Bh4 0-1

[Event "Guernsey Open"]
[Site "?"]
[Date "2002.??.??"]
[Round "5"]
[White "Goris, Ton"]
[Black "Loerke, Reinhard"]
[Result "1-0"]
[WhiteElo "2078"]
[BlackElo "2086"]
[PlyCount "67"]
[EventDate "2002.10.20"]

1. e4 e5 2. Nf3 Nc6 3. d4 exd4 4. c3 Qe7 5. cxd4 Qxe4+ 6. Be3 d5 7. Bd3 Bb4+ 8.
Nc3 Qe7 9. O-O Be6 10. Re1 Nf6 11. Bg5 Bxc3 12. bxc3 O-O 13. c4 Nb4 14. Bxf6
gxf6 15. cxd5 Nxd5 16. Nh4 Nf4 17. d5 f5 18. g3 Nxd5 19. Bxf5 Qf6 20. Qf3 Qg7
21. Rac1 c6 22. Re4 Nf6 23. Rb4 Qg5 24. Rd1 Bd5 25. Qd3 b5 26. Nf3 Qh5 27. Ne5
Be6 28. Nxc6 Bxf5 29. Ne7+ Kh8 30. Nxf5 Ng4 31. Qd4+ f6 32. Qxg4 Qf7 33. Rbd4
Rae8 34. Nd6 1-0

[Event "Guernsey Open"]
[Site "?"]
[Date "2002.??.??"]
[Round "5"]
[White "Arnott, Jonathan"]
[Black "Corkett, Anthony"]
[Result "1/2-1/2"]
[WhiteElo "2070"]
[BlackElo "2313"]
[PlyCount "84"]
[EventDate "2002.10.20"]

1. e4 c5 2. d3 Nc6 3. g3 d5 4. Nd2 Nf6 5. Bg2 dxe4 6. dxe4 e5 7. Ngf3 Be7 8.
O-O O-O 9. Nc4 Qc7 10. Qe2 Nd4 11. Nxd4 cxd4 12. f4 Nd7 13. Nxe5 Nxe5 14. fxe5
Qxe5 15. Kh1 Be6 16. Qf2 Rac8 17. b3 Bb4 18. Bb2 Bc3 19. Bxc3 Rxc3 20. Rad1 b6
21. Rxd4 Rxc2 22. Qxc2 Qxd4 23. Rd1 Qe5 24. Qd2 g6 25. Rc1 Kg7 26. Kg1 h6 27.
Qc3 Qxc3 28. Rxc3 Rd8 29. Rc2 Kf6 30. Kf2 Ke5 31. Ke3 Rc8 32. Rxc8 Bxc8 33. Bf1
g5 34. Bd3 Bh3 35. b4 f6 36. a3 h5 37. Be2 h4 38. gxh4 gxh4 39. Bd3 Bd7 40. Bc2
Bc6 41. Bd3 Bd7 42. Bc2 Bc6 1/2-1/2

[Event "Guernsey Open"]
[Site "?"]
[Date "2002.??.??"]
[Round "5"]
[White "Mycroft, R."]
[Black "Van Dijk, Bram"]
[Result "1/2-1/2"]
[WhiteElo "2008"]
[BlackElo "2241"]
[PlyCount "101"]
[EventDate "2002.10.20"]

1. e4 c6 2. d4 d5 3. e5 Bf5 4. Ne2 e6 5. Ng3 Bg6 6. h4 h6 7. h5 Bh7 8. Bd3 Bxd3
9. cxd3 Qb6 10. Be3 Nd7 11. O-O Ne7 12. Qg4 Rg8 13. f4 g6 14. hxg6 Rxg6 15. Qh3
O-O-O 16. Nd2 Qa6 17. Rac1 c5 18. dxc5 d4 19. Bxd4 Qxd3 20. Nf3 Nd5 21. Rfd1
Nxf4 22. Rxd3 Nxh3+ 23. gxh3 Rxg3+ 24. Kh2 Rg6 25. c6 Nb6 26. Rb3 Kc7 27. cxb7+
Kxb7 28. a4 Rd5 29. Rbc3 Bg7 30. Rc7+ Ka6 31. b4 Nxa4 32. b5+ Ka5 33. Rxa7+
Kxb5 34. Rb1+ Kc6 35. Rxa4 Rd7 36. Ra5 Rc7 37. Rb6+ Kd7 38. Rd6+ Ke7 39. Ra7
Rxa7 40. Bxa7 Bxe5+ 41. Nxe5 Kxd6 42. Nxg6 fxg6 43. Kg3 Ke5 44. Be3 h5 45. Kf3
Kf5 46. Bf2 g5 47. Ke3 e5 48. Be1 e4 49. Bf2 h4 50. Be1 {(=)} g4 51. Bxh4
1/2-1/2

[Event "Guernsey Open"]
[Site "?"]
[Date "2002.??.??"]
[Round "5"]
[White "Plant, Paul"]
[Black "Skorna, Ullrich"]
[Result "0-1"]
[WhiteElo "2024"]
[BlackElo "2180"]
[PlyCount "42"]
[EventDate "2002.10.20"]

1. d4 e6 2. g3 Nf6 3. c4 c5 4. d5 b5 5. Nc3 b4 6. Nb1 Bb7 7. Bg2 d6 8. e4 Be7
9. Ne2 O-O 10. O-O exd5 11. cxd5 Ng4 12. h3 Ne5 13. f4 Nc4 14. b3 Bf6 15. e5
Nxe5 16. fxe5 Bxe5 17. Nbc3 bxc3 18. Qc2 Ba6 19. Bf4 Re8 20. Be4 Bxe2 21. Qxe2
Bd4+ 0-1

[Event "Guernsey Open"]
[Site "?"]
[Date "2002.??.??"]
[Round "5"]
[White "Huijzer, J."]
[Black "Tan, HB."]
[Result "1/2-1/2"]
[WhiteElo "1890"]
[BlackElo "2149"]
[PlyCount "86"]
[EventDate "2002.10.20"]

1. e4 Nc6 2. d4 d5 3. Nc3 a6 4. exd5 Nb4 5. Bd2 Nxd5 6. Nf3 Nxc3 7. Bxc3 Nf6 8.
Bc4 b5 9. Bd3 e6 10. Qe2 Be7 11. O-O O-O 12. Rfd1 Bb7 13. Bd2 Bxf3 14. Qxf3
Qxd4 15. Bf4 Qc5 16. b4 Qh5 17. Qxh5 Nxh5 18. Bxc7 Bxb4 19. a4 Rac8 20. Bb6 Nf4
21. axb5 Nxd3 22. cxd3 axb5 23. Rab1 Bc5 24. Rxb5 Bxb6 25. Rxb6 Rfd8 26. Kf1
Rc2 27. Ke1 g6 28. Rd2 Rc1+ 29. Ke2 Rh1 30. h3 h5 31. Rb4 Rd5 32. Kf3 Rf5+ 33.
Rf4 Rg5 34. h4 Rd5 35. g3 Re1 36. Ra4 Kg7 37. Rb4 Kf6 38. Ra4 e5 39. Ra6+ Kf5
40. Ra4 Ke6 41. Ra6+ Rd6 42. Rxd6+ Kxd6 43. Ra2 Ke6 1/2-1/2

[Event "Guernsey Open"]
[Site "?"]
[Date "2002.??.??"]
[Round "5"]
[White "Brown, Allen M"]
[Black "Ruston, Mark"]
[Result "1/2-1/2"]
[WhiteElo "2133"]
[BlackElo "2065"]
[PlyCount "127"]
[EventDate "2002.10.20"]

1. d4 e6 2. e4 d5 3. Nc3 dxe4 4. Nxe4 Nd7 5. Bd3 Ngf6 6. Bg5 Be7 7. Nxf6+ Bxf6
8. Bxf6 Qxf6 9. Nf3 c5 10. c3 cxd4 11. cxd4 O-O 12. O-O Rd8 13. Rc1 Qf4 14. Qe2
Nf6 15. Rfd1 b6 16. Ne5 Nd5 17. Nc6 Re8 18. Qh5 g6 19. Qe5 Bb7 20. Be4 Qxe5 21.
dxe5 Rac8 22. Nd4 Ba8 23. g3 a6 24. Bd3 b5 25. Nb3 Nb4 26. Bb1 Bd5 27. Nc5 Bxa2
28. Ne4 Rxc1 29. Rxc1 Rd8 30. Nf6+ Kg7 31. Bxa2 Nxa2 32. Rc7 Nb4 33. Ne4 Nd3
34. f4 Nxb2 35. Nd6 Rf8 36. Ra7 Nc4 37. Rxa6 Nxd6 38. exd6 Rd8 39. Rb6 Kf6 40.
Kf2 b4 41. Ke3 b3 42. g4 b2 43. g5+ Kf5 44. Rb5+ Kg4 45. Rxb2 Rxd6 46. Rb7 e5
47. fxe5 Re6 48. Rxf7 Rxe5+ 49. Kd4 Rxg5 50. Rxh7 Rh5 51. Rg7 g5 52. Ke3 Rxh2
53. Rg8 Ra2 54. Rg7 Kh4 55. Kf3 Ra3+ 56. Kg2 Kg4 57. Rb7 Ra2+ 58. Kg1 Kh4 59.
Rb3 g4 60. Rc3 Ra1+ 61. Kg2 Ra2+ 62. Kg1 g3 63. Rc8 Ra4 64. Kg2 1/2-1/2

[Event "Guernsey Open"]
[Site "?"]
[Date "2002.??.??"]
[Round "5"]
[White "Kuijpers, Jos"]
[Black "Marotzke, Stefan"]
[Result "0-1"]
[WhiteElo "1598"]
[BlackElo "2089"]
[PlyCount "88"]
[EventDate "2002.10.20"]

1. d4 d5 2. c4 c6 3. Nc3 Nf6 4. Bg5 e6 5. e4 dxe4 6. Nxe4 Bb4+ 7. Nc3 Nbd7 8.
a3 Bxc3+ 9. bxc3 Qa5 10. Qc2 Qxg5 11. Nf3 Qf4 12. Bd3 O-O 13. O-O b6 14. Nd2
Bb7 15. g3 Qc7 16. f4 c5 17. Be2 Rad8 18. g4 cxd4 19. cxd4 Qd6 20. Nb3 Be4 21.
Qc1 h6 22. g5 hxg5 23. fxg5 Nh7 24. Qe3 f5 25. h4 e5 26. Rfd1 Qg6 27. d5 f4 28.
Qc3 Nxg5 29. hxg5 Qxg5+ 30. Kf2 f3 31. Bf1 Qh4+ 32. Ke3 f2 33. Kd2 Rf3 34. Bd3
Rxd3+ 35. Qxd3 Bxd3 36. Kxd3 Rf8 37. Nd2 Nc5+ 38. Ke2 Qd4 39. Kf1 Qd3+ 40. Kg2
Qg6+ 41. Kf1 Ne4 42. Nxe4 Qxe4 43. Rac1 Qf3 44. a4 e4 0-1